00616nam a2200157Ia 4500999001500000003000400015008004100019100001700060245002600077260002400103300000800127650001500135942001200150952014800162952014800310 c5866d5866OSt191201s2014 xx 000 0 und d aVARGHESE, PC 0aBuilding Construction aN. delhibPHIc2014 a448 aB.Tech(CE) 2ddccBK 00102ddc40708BTECHCEaPIETbPIETd2014-03-19eIBH, New Delhig350.00k22960l0o690 VABp23764r2019-12-04 00:00:00v235.20w2014-03-12yBK 00102ddc40708BTECHCEaPIETbPIETd2014-03-19eIBH, New Delhig350.00k22960l0o690 VABp23765r2019-12-04 00:00:00v235.20w2014-03-12yBK